Inca Empire Quiz - Statistics

General Stats
  • This quiz has been taken 18 times
  • The average score is 8 of 13
Answer Stats
Question Answer % Correct
Which mountain range did the Inca Empire mainly occupy? Andes
100%
Which precious metal did the Incas refer to as the “sweat of the sun”? Gold
93%
Which animal was used by the Incas for wool, meat, and transport? Llama
87%
What was the capital city of the Incan Empire? Cusco
80%
Which Spanish conquistador led the expedition that conquered the Inca Empire? Francisco Pizarro
80%
Which Incan site sits on a mountain ridge above the Urubamba River valley? Machu Picchu
80%
Which metal did the Incas call the “tears of the moon”? Silver
80%
What was the Incan word for their emperor? {Sapa} Inca
53%
Which plant was considered sacred and widely used by the Incas for religious and medicinal purposes? Coca
40%
What was the Incan sun god called? Inti
40%
What was the Incan system of record-keeping using knotted strings called? Quipu
40%
Which Incan ruler is credited with expanding the empire to its greatest size? Pachacuti
33%
What labour system supported both agriculture and urban development in the empire? Mit'a
20%
No matching quizzes found
Score Distribution
Percent of People with Each Score
Percentile by Number Answered
Your Score History
You have not taken this quiz